Osm zásad managementu jakosti - praktický přístup
Osem zásad manažmentu akosti (QMP) predstavuje základnú a nedeliteľnú súčasť noriem rady ISO 9000:2000. Neposkytujú len východisko pre zbytok požiadaviek, ktoré z tejo rady noriem vychádzajú, ale predovšetkým ponúkajú vrcholovému vedeniu rámec pre zavádzanie dobrej riadiacej praxe, na ktorom sú post...
Guardado en:
| Autor principal: | |
|---|---|
| Formato: | Capítulo de libro |
| Lenguaje: | checo |
| Materias: | |
| Etiquetas: |
Sin Etiquetas, Sea el primero en etiquetar este registro!
|
MARC
| LEADER | 00000naa$a2200000$$$4500 | ||
|---|---|---|---|
| 001 | 0001471 | ||
| 005 | 20230524134007.7 | ||
| 041 | 0 | |a cze | |
| 044 | |a CZ | ||
| 245 | 1 | 0 | |a Osm zásad managementu jakosti - praktický přístup |c John Hele |
| 520 | |a Osem zásad manažmentu akosti (QMP) predstavuje základnú a nedeliteľnú súčasť noriem rady ISO 9000:2000. Neposkytujú len východisko pre zbytok požiadaviek, ktoré z tejo rady noriem vychádzajú, ale predovšetkým ponúkajú vrcholovému vedeniu rámec pre zavádzanie dobrej riadiacej praxe, na ktorom sú postavené riadiace systémy organizácie. | ||
| 610 | 2 | 0 | |a normy ISO |
| 610 | 2 | 0 | |a riadenie kvality |
| 610 | 2 | 0 | |a manažment |
| 100 | 1 | |a Hele, John | |